000 00552cam a2200169 i 4500
005 20251224092450.0
008 250721r1979 ku gr 000 0 ara d
082 1 4 _a218,52
_bج ر ي
100 1 _aجريشة، علي
_eمؤلف.
245 1 0 _aدعاة لا بغاة /
_cتاليف الدكتور علي جريشة.
250 _aالطبعة الاولى.
264 3 1 _aالكويت :
_bدار البحوث العلمية،
_c1979.
300 _a228صفحة.
650 1 7 _aالدعوة الإسلامية.
942 _2ddc
_cBK
999 _c4616
_d4616